000
00330 a2200145 4500
020
_a
978-7-119-11179-7
040
_a
ULA-LD-MS
082
_b
32
100
_9
1011
_a
XI,Jinping
245
_a
A Governanȧ da China II
260
_a
China,
_b
Linguas Estrangeiras
_c
2018.
300
_a
696p
650
_a
Politica
942
_c
Livros
999
_c
2185
_d
2185